Bible Book by Spanish Name Quiz Stats

 Plays Quiz Updated Apr 10, 2018

Challenge
Share
Tweet
Embed
Score 0/20 Timer 04:00
0 Plays Today
Spanish English % Correct
JuanJohn
92.5%
MateoMatthew
88.9%
1, 2 Timoteo1, 2 Timothy
88.6%
RutRuth
78%
JosuéJoshua
77.1%
ApocalipsisRevelation
77%
1, 2 Reyes1, 2 Kings
74.7%
1, 2 Tesalonicenses1, 2 Thessalonians
68.8%
JudasJude
62.8%
TitoTitus
58.6%
Spanish English % Correct
SalmosPsalms
53%
JuecesJudges
49%
OseasHosea
47%
MiqueasMicah
39.1%
CantaresSong of Solomon
36.9%
EsdrasEzra
36.2%
HechosActs
34.8%
SantiagoJames
29.8%
AbdíasObadiah
21.8%
SofoníasZephaniah
9%

You're not logged in!

Compare scores with friends on all Sporcle quizzes.
OR
Log In

You Might Also Like...

Show Comments

Extras

Top Quizzes Today


Score Distribution

Your Account Isn't Verified!

In order to create a playlist on Sporcle, you need to verify the email address you used during registration. Go to your Sporcle Settings to finish the process.

Report this User

Report this user for behavior that violates our Community Guidelines.

Details: